000 00522 a2200193 4500
005 20140811145755.0
008 140811b xxu||||| |||| 00| 0 eng d
020 _a9788131767191
080 _a519.216
_bGHA
100 _aGhahramani, Saeed
245 _aFundamentals of probability
_bwith stochastic processes
250 _a3
260 _c2012
_bPearson
_aNew Delhi
300 _axvii, 654p.
653 _aStochastic processes
653 _aBivariate distributions
653 _aCombinatorial methods
942 _cBK
999 _c79518
_d79517